Persecusión de la iglesia en Colombia. Carta pastoral que desde su asilo de Santiago de Chile dirije a sus diocesanos el obispo de Popayán
Сохранить в:
| Главный автор: | |
|---|---|
| Формат: | |
| Язык: | испанский |
| Опубликовано: |
Santiago
Imprenta de El Correo, de Ramón Varela
1870
|
| Редактирование: | 1a. ed |
| Предметы: | |
| Метки: |
Добавить метку
Нет меток, Требуется 1-ая метка записи!
|
MARC
| LEADER | 00000nam a2200000 a 4500 | ||
|---|---|---|---|
| 001 | UCJ6333 | ||
| 003 | CL-VaPUC | ||
| 008 | 070124e18701104CL |||||||||||||||||spa|d | ||
| 082 | 0 | 4 | |a 282 |b BER |2 21 |
| 100 | 0 | |a Bermúdez, Carlos |e author |9 512871 | |
| 245 | 1 | 0 | |a Persecusión de la iglesia en Colombia. Carta pastoral que desde su asilo de Santiago de Chile dirije a sus diocesanos el obispo de Popayán |
| 250 | |a 1a. ed | ||
| 300 | |a 39 p | ||
| 942 | |c BK | ||
| 945 | |d 20070124 00:00:00 |a rinostro | ||
| 260 | |a Santiago |b Imprenta de El Correo, de Ramón Varela |c 1870 | ||
| 500 | |a Empastado junto a otros documentos en un volumen rotulado Pastorales, que se ubica en 282 VAL | ||
| 650 | 0 | |a Iglesia Católica |9 256114 | |
| 650 | 7 | |a DOCUMENTOS |2 CL-VaPUC |9 366450 | |
| 650 | 7 | |a PERSECUSIONES RELIGIOSAS |2 CL-VaPUC |9 480245 | |
| 650 | 7 | |a GUERRAS CIVILES |2 CL-VaPUC |9 361938 | |
| 651 | 0 | |a Colombia |9 256424 | |
| 583 | |a last modification |c 20070124 00:00:00 |k Rodrigo Vera | ||
| 999 | |c 322441 |d 322439 | ||
| 952 | |0 0 |1 0 |4 0 |6 282_000000000000000_BER_1870 |7 0 |8 X |9 401430 |a FDOBUD |b FDOBUD |d 2019-11-22 |i 1046802 |o 282 BER 1870 |p 1046802 |r 2019-11-22 |w 2019-11-22 |y BK_X |k BUD | ||